In situ characterization of strain-induced crystallization of natural rubber by synchrotron radiation wide-angle x-ray diffraction: Construction of a crystal network at low temperatures (Record no. 60929)

MARC details
000 -LEADER
fixed length control field 00723nam a2200253Ia 4500
100 ## - MAIN ENTRY--AUTHOR NAME
Personal name Chen P
245 #0 - TITLE STATEMENT
Title In situ characterization of strain-induced crystallization of natural rubber by synchrotron radiation wide-angle x-ray diffraction: Construction of a crystal network at low temperatures
260 ## - PUBLICATION, DISTRIBUTION, ETC. (IMPRINT)
Name of publisher Soft Matter
Year of publication 2019
300 ## - PHYSICAL DESCRIPTION
Number of Pages 734-743
500 ## - GENERAL NOTE
General note Source Year: 2019
650 ## - SUBJECT ADDED ENTRY--TOPICAL TERM
Topical Term In situ
650 ## - SUBJECT ADDED ENTRY--TOPICAL TERM
Topical Term x-ray diffraction
700 ## - ADDED ENTRY--PERSONAL NAME
Personal name Chang J
700 ## - ADDED ENTRY--PERSONAL NAME
Personal name Chen L
700 ## - ADDED ENTRY--PERSONAL NAME
Personal name Chen W
700 ## - ADDED ENTRY--PERSONAL NAME
Personal name Li L
700 ## - ADDED ENTRY--PERSONAL NAME
Personal name Lin Y
700 ## - ADDED ENTRY--PERSONAL NAME
Personal name Meng L
700 ## - ADDED ENTRY--PERSONAL NAME
Personal name Wang D
700 ## - ADDED ENTRY--PERSONAL NAME
Personal name Zhao J
856 ## - ELECTRONIC LOCATION AND ACCESS
Uniform Resource Identifier doi:10.1039/c8sm02126k
942 ## - ADDED ENTRY ELEMENTS (KOHA)
Koha item type Journals
Holdings
Withdrawn status Lost status Damaged status Not for loan Home library Current library Shelving location Date acquired Serial Enumeration / chronology Koha item type
      Journals RRII Library RRII Library Rubber general 17/12/2021 Volume 15, Issue 4 Journals